00654 2200205 4500001002100000005001700021008004100038035002400079040001200103082001100115090002000126100002100146245007600167260007200243300003600315500002500351504002400376650003000400990001800430YOGYA-0113000000030320130107110835.0 ind  0010-011300000000303 aYOPDYOG a364.36 aSK 364.36 Sos P aSOSIAWANTA PUTRA aPeranan orang tua dalam menanggulangi kenakalan remaja/Sosiawanta Putra aYogyakartabSekolah Tinggi Pembangunan Masyarakat Desa "APMD"c2001 aXII,63(20)lbrbilus,lampc30 cm aSkripsi STPMD "APMD" aBibliografi(lbr.65) aKejahatan anak dan remaja a42106-PD/A.12